[Event "Titled Tuesday intern op 19th Dec Early"]
[Site "Chess.com INT"]
[Date "2023.12.19"]
[Round "4"]
[White "Zepeda Berlanga, Jan Enrique"]
[Black "Boyer, Mahel"]
[Result "0-1"]
[WhiteElo "1803"]
[BlackElo "2427"]
[PlyCount "40"]
[EventDate "2023.12.19"]
[EventType "swiss (blitz)"]
[EventRounds "11"]
[EventCountry "USA"]
[SourceTitle "CB52_2023"]
[SourceDate "2023.12.27"]
[SourceVersion "1"]
[SourceVersionDate "2023.12.27"]
[SourceQuality "1"]

1. e4 Nc6 2. Nf3 d5 3. exd5 Qxd5 4. Nc3 Qh5 5. Be2 Bg4 6. d3 0-0-0 7. Be3 e5 8. Ne4 f5 9. Ng3 Qe8 10. Bg5 Nf6 11. Nd2 Bxe2 12. Qxe2 Nd4 13. Qd1 Qc6 14. c3 Ne6 15. Qf3 Nxg5 16. Qxf5+ Ne6 17. Nge4 Kb8 18. Nxf6 gxf6 19. Qxf6 Bg7 20. Qh4 Nf4 0-1

[Event "Titled Tuesday intern op 19th Dec Early"]
[Site "Chess.com INT"]
[Date "2023.12.19"]
[Round "2"]
[White "Zepeda Berlanga, Jan Enrique"]
[Black "Smirnov, Alexandr A"]
[Result "0-1"]
[WhiteElo "1803"]
[BlackElo "2136"]
[PlyCount "90"]
[EventDate "2023.12.19"]
[EventType "swiss (blitz)"]
[EventRounds "11"]
[EventCountry "USA"]
[SourceTitle "CB52_2023"]
[SourceDate "2023.12.27"]
[SourceVersion "1"]
[SourceVersionDate "2023.12.27"]
[SourceQuality "1"]

1. e4 c5 2. Nf3 d6 3. Bc4 Nf6 4. 0-0 g6 5. Re1 Bg7 6. h3 0-0 7. d4 cxd4 8. Nxd4 Nc6 9. Nc3 Bd7 10. Be3 Rc8 11. Bb3 a6 12. Nd5 Nxe4 13. Nxc6 Bxc6 14. Bb6 Qd7 15. Rxe4 e6 16. Bd4 Bxd5 17. Bxd5 exd5 18. Bxg7 dxe4 19. Bxf8 Rxf8 20. Qd5 Qc6 21. c4 Qxd5 22. cxd5 Rc8 23. Re1 f5 24. f3 exf3 25. gxf3 Rc2 26. Re6 Rxb2 27. Rxd6 Rxa2 28. Rb6 Rd2 29. d6 a5 30. Rxb7 Rxd6 31. Ra7 Rd2 32. Rxa5 Kg7 33. Re5 Kf6 34. Re8 Kg5 35. Re7 Kf4 36. Rxh7 Kg3 37. Kf1 Kxf3 38. Ke1 Re2+ 39. Kf1 Ra2 40. Kg1 Kg3 41. Kf1 f4 42. Rf7 f3 43. Ke1 f2+ 44. Kf1 Ra1+ 45. Ke2 Re1+ 0-1

[Event "Titled Tuesday intern op 12th Sep Early"]
[Site "Chess.com INT"]
[Date "2023.09.12"]
[Round "8"]
[White "Freile Martin, Javier"]
[Black "Zepeda Berlanga, Jan Enrique"]
[Result "1-0"]
[WhiteElo "2329"]
[BlackElo "1783"]
[PlyCount "65"]
[EventDate "2023.09.12"]
[EventType "swiss (blitz)"]
[EventRounds "11"]
[EventCountry "USA"]
[SourceTitle "EXT 2024"]
[Source "ChessBase"]
[SourceDate "2023.10.10"]
[SourceVersion "1"]
[SourceVersionDate "2023.10.10"]
[SourceQuality "1"]

1. c4 f6 2. Nc3 c5 3. Nf3 Nc6 4. e3 e6 5. d4 cxd4 6. exd4 d5 7. c5 Nge7 8. Bb5 Ng6 9. 0-0 Be7 10. Re1 0-0 11. a3 a6 12. Bd3 a5 13. Rb1 b6 14. b4 axb4 15. axb4 bxc5 16. dxc5 d4 17. Ne4 Nce5 18. Nxe5 Nxe5 19. b5 f5 20. b6 Nxd3 21. Qxd3 fxe4 22. Qxe4 Rb8 23. Bf4 Bb7 24. Qxe6+ Kh8 25. Bxb8 Qxb8 26. Qxe7 h6 27. Qc7 Qa8 28. Re7 Bxg2 29. Rxg7 Be4 30. b7 Qa2 31. Rf1 Qb2 32. Rg3 Bxb7 33. Qg7# 1-0

[Event "Titled Tuesday intern op 12th Sep Early"]
[Site "Chess.com INT"]
[Date "2023.09.12"]
[Round "3"]
[White "Rosenberg, Evan"]
[Black "Zepeda Berlanga, Jan Enrique"]
[Result "1-0"]
[WhiteElo "1883"]
[BlackElo "1783"]
[PlyCount "63"]
[EventDate "2023.09.12"]
[EventType "swiss (blitz)"]
[EventRounds "11"]
[EventCountry "USA"]
[SourceTitle "EXT 2024"]
[Source "ChessBase"]
[SourceDate "2023.10.10"]
[SourceVersion "1"]
[SourceVersionDate "2023.10.10"]
[SourceQuality "1"]

1. d4 Nf6 2. Nf3 e6 3. g3 c5 4. Bg2 d5 5. 0-0 Nc6 6. c4 cxd4 7. Nxd4 Bc5 8. Nb3 Be7 9. cxd5 exd5 10. Nc3 Be6 11. Be3 Rc8 12. Bc5 0-0 13. Bxe7 Qxe7 14. Nd4 Nxd4 15. Qxd4 Rc4 16. Qxa7 Qb4 17. Rab1 d4 18. Ne4 Bf5 19. Nxf6+ gxf6 20. Rbd1 Qxb2 21. Bf3 Rfc8 22. Qxb7 Qxa2 23. Bd5 R8c7 24. Bxc4 Qxc4 25. Qb8+ Kg7 26. Kg2 Qd5+ 27. f3 Rc2 28. Rfe1 d3 29. Qe8 d2 30. Rf1 Rc6 31. e4 Qd3 32. Qxc6 1-0

[Event "Titled Tuesday intern op 12th Sep Early"]
[Site "Chess.com INT"]
[Date "2023.09.12"]
[Round "10"]
[White "Zepeda Berlanga, Jan Enrique"]
[Black "Ajavon, Anthony Obieni"]
[Result "1-0"]
[WhiteElo "1783"]
[BlackElo "1874"]
[PlyCount "55"]
[EventDate "2023.09.12"]
[EventType "swiss (blitz)"]
[EventRounds "11"]
[EventCountry "USA"]
[SourceTitle "EXT 2024"]
[Source "ChessBase"]
[SourceDate "2023.10.10"]
[SourceVersion "1"]
[SourceVersionDate "2023.10.10"]
[SourceQuality "1"]

1. c4 Nf6 2. Nf3 d6 3. g3 Bg4 4. Bg2 Nc6 5. d4 g6 6. 0-0 Bg7 7. Qb3 0-0 8. Qxb7 Bxf3 9. Bxf3 Nxd4 10. Na3 Nxf3+ 11. Qxf3 Rb8 12. Rd1 c5 13. Nb5 a6 14. Nc3 Qb6 15. Rb1 Nd7 16. Bg5 Ne5 17. Qe4 Rfe8 18. Nd5 Qb7 19. f4 Nc6 20. f5 gxf5 21. Qh4 Bxb2 22. Rd2 Bd4+ 23. Rxd4 Qxb1+ 24. Kg2 Nxd4 25. Nxe7+ Rxe7 26. Bxe7 Qe4+ 27. Kh3 Qxh4+ 28. Kxh4 1-0

[Event "Titled Tuesday intern op 22nd Aug Early"]
[Site "Chess.com INT"]
[Date "2023.08.22"]
[Round "3"]
[White "Zepeda Berlanga, Jan Enrique"]
[Black "Konenkin, Dmitry"]
[Result "0-1"]
[WhiteElo "1783"]
[BlackElo "2267"]
[PlyCount "92"]
[EventDate "2023.08.22"]
[EventType "swiss (blitz)"]
[EventRounds "11"]
[EventCountry "USA"]
[SourceTitle "EXT 2024"]
[Source "ChessBase"]
[SourceDate "2023.10.10"]
[SourceVersion "1"]
[SourceVersionDate "2023.10.10"]
[SourceQuality "1"]

1. c4 e5 2. Nc3 Nf6 3. Nf3 Nc6 4. g3 d5 5. cxd5 Nxd5 6. Bg2 Be6 7. d3 Be7 8. 0-0 0-0 9. a3 a5 10. Bd2 h6 11. Nxd5 Bxd5 12. Bc3 Bd6 13. Qa4 f5 14. Qb5 Ne7 15. Nxe5 Bxg2 16. Kxg2 c6 17. Qc4+ Nd5 18. e4 fxe4 19. dxe4 Qf6 20. f4 b5 21. Qa2 b4 22. Bd4 Qe6 23. exd5 cxd5 24. Qb1 Rac8 25. axb4 Bxb4 26. Qg6 Rf6 27. Qg4 Qxg4 28. Nxg4 Rc2+ 29. Rf2 Rxf2+ 30. Nxf2 Re6 31. Kf3 Rc6 32. Rd1 Rc2 33. Nd3 Be7 34. h3 Rh2 35. Kg4 g6 36. h4 h5+ 37. Kf3 Kf7 38. Ne5+ Ke6 39. Nxg6 Bb4 40. Ne5 Kf5 41. Nd3 Bd6 42. Be5 Be7 43. Ra1 Bd8 44. Ra4 Rd2 45. Nc5 Bb6 46. Nd7 Rf2# 0-1

[Event "Titled Tuesday intern op 22nd Aug Early"]
[Site "Chess.com INT"]
[Date "2023.08.22"]
[Round "9"]
[White "Zepeda Berlanga, Jan Enrique"]
[Black "Legenia, Artem"]
[Result "0-1"]
[WhiteElo "1783"]
[BlackElo "2092"]
[PlyCount "60"]
[EventDate "2023.08.22"]
[EventType "swiss (blitz)"]
[EventRounds "11"]
[EventCountry "USA"]
[SourceTitle "EXT 2024"]
[Source "ChessBase"]
[SourceDate "2023.10.10"]
[SourceVersion "1"]
[SourceVersionDate "2023.10.10"]
[SourceQuality "1"]

1. c4 Nf6 2. Nf3 e6 3. Nc3 d5 4. d4 c6 5. Bg5 Nbd7 6. a3 dxc4 7. e4 b5 8. e5 h6 9. Bh4 g5 10. Bxg5 hxg5 11. exf6 Qxf6 12. Ne4 Qe7 13. Nfxg5 Bb7 14. Be2 0-0-0 15. Nxf7 Qxf7 16. Bg4 Kb8 17. b3 c5 18. bxc4 Bxe4 19. cxb5 Qf4 20. f3 Bb7 21. Bxe6 cxd4 22. Qd3 Re8 23. Qb3 Qe5+ 24. Kf2 Qxe6 25. Qc2 Bc5 26. Qd3 Ne5 27. Qd2 d3+ 28. Kf1 Nc4 29. Qf4+ Ka8 30. h4 Qe2# 0-1

[Event "Titled Tuesday intern op 22nd Aug Early"]
[Site "Chess.com INT"]
[Date "2023.08.22"]
[Round "10"]
[White "Zepeda Berlanga, Jan Enrique"]
[Black "Schut, Han"]
[Result "0-1"]
[WhiteElo "1783"]
[BlackElo "2091"]
[PlyCount "76"]
[EventDate "2023.08.22"]
[EventType "swiss (blitz)"]
[EventRounds "11"]
[EventCountry "USA"]
[SourceTitle "EXT 2024"]
[Source "ChessBase"]
[SourceDate "2023.10.10"]
[SourceVersion "1"]
[SourceVersionDate "2023.10.10"]
[SourceQuality "1"]

1. c4 Nf6 2. Nf3 g6 3. g3 Bg7 4. Bg2 0-0 5. 0-0 d5 6. cxd5 Nxd5 7. d4 c5 8. Nc3 Nxc3 9. bxc3 cxd4 10. cxd4 Nc6 11. Bb2 Bg4 12. e3 Qb6 13. Qb3 Qxb3 14. axb3 a6 15. Rfc1 Rac8 16. Ra4 Bd7 17. Rac4 Na5 18. Rxc8 Rxc8 19. Nd2 Rxc1+ 20. Bxc1 b5 21. Ba3 Bf8 22. d5 e6 23. d6 Bc6 24. Bxc6 Nxc6 25. Ne4 f5 26. Ng5 b4 27. Bb2 Bxd6 28. Nxe6 Na5 29. Nd4 Be5 30. Kf1 Bxd4 31. exd4 Nxb3 32. Ke2 Na5 33. Kd3 Kf7 34. d5 Ke7 35. Be5 Nb7 36. Kc4 a5 37. Kb5 b3 38. Kc6 Nd8+ 0-1

[Event "Titled Tuesday intern op 15th Aug Early"]
[Site "Chess.com INT"]
[Date "2023.08.15"]
[Round "8"]
[White "Clawitter, Craig"]
[Black "Zepeda Berlanga, Jan Enrique"]
[Result "1-0"]
[WhiteElo "2050"]
[BlackElo "1783"]
[PlyCount "57"]
[EventDate "2023.08.15"]
[EventType "swiss (blitz)"]
[EventRounds "11"]
[EventCountry "USA"]
[SourceTitle "EXT 2024"]
[Source "ChessBase"]
[SourceDate "2023.10.10"]
[SourceVersion "1"]
[SourceVersionDate "2023.10.10"]
[SourceQuality "1"]

1. e4 c5 2. Nf3 d6 3. d4 cxd4 4. Nxd4 Nf6 5. Nc3 Nc6 6. Bc4 e6 7. Be3 Be7 8. Qe2 0-0 9. 0-0-0 d5 10. Ndb5 a6 11. exd5 axb5 12. dxc6 Qa5 13. Bxb5 bxc6 14. Bxc6 Rb8 15. Bd4 Ba6 16. Qe5 Qb4 17. Ne4 Rfc8 18. Bd7 Rc4 19. a3 Qb7 20. Ba4 Rbc8 21. Nc3 h6 22. h3 Bf8 23. Bb3 R4c7 24. g4 Bc4 25. Bxc4 Rxc4 26. Rhg1 Qf3 27. g5 hxg5 28. Rxg5 Kh8 29. Rdg1 1-0

[Event "Titled Tuesday intern op 15th Aug Early"]
[Site "Chess.com INT"]
[Date "2023.08.15"]
[Round "7"]
[White "Zepeda Berlanga, Jan Enrique"]
[Black "Polaczek, Richard"]
[Result "0-1"]
[WhiteElo "1783"]
[BlackElo "2302"]
[PlyCount "82"]
[EventDate "2023.08.15"]
[EventType "swiss (blitz)"]
[EventRounds "11"]
[EventCountry "USA"]
[SourceTitle "EXT 2024"]
[Source "ChessBase"]
[SourceDate "2023.10.10"]
[SourceVersion "1"]
[SourceVersionDate "2023.10.10"]
[SourceQuality "1"]

1. c4 e6 2. Nf3 Nf6 3. g3 d5 4. Nc3 d4 5. Nb1 Nc6 6. d3 e5 7. Bg2 Be7 8. a3 a5 9. 0-0 0-0 10. Bg5 Nd7 11. Bxe7 Qxe7 12. e3 Nc5 13. Re1 Qd8 14. exd4 exd4 15. Qc2 Bf5 16. Bf1 Qf6 17. Nbd2 Qg6 18. Nh4 Bxd3 19. Nxg6 Bxc2 20. Nxf8 Kxf8 21. b4 axb4 22. axb4 Rxa1 23. Rxa1 Nxb4 24. f4 d3 25. Bg2 Nb3 26. Nxb3 Bxb3 27. c5 d2 28. Bf3 Na2 29. Kf2 Nc3 30. Ke3 d1Q 31. Bxd1 Nxd1+ 32. Kd2 Nf2 33. Ke3 Ng4+ 34. Kf3 Nxh2+ 35. Kg2 Ng4 36. Kf3 f5 37. Ke2 Bd5 38. Rd1 Nf6 39. Ke3 Ke7 40. Kd4 Bc6 41. Re1+ Be4 0-1

[Event "Titled Tuesday intern op 25th Jul Early"]
[Site "Chess.com INT"]
[Date "2023.07.25"]
[Round "8"]
[White "Zepeda Berlanga, Jan Enrique"]
[Black "Jahnz, Fabian"]
[Result "0-1"]
[WhiteElo "1783"]
[BlackElo "2268"]
[PlyCount "182"]
[EventDate "2023.07.25"]
[EventType "swiss (blitz)"]
[EventRounds "11"]
[EventCountry "USA"]
[SourceTitle "EXT 2024"]
[Source "ChessBase"]
[SourceDate "2023.10.10"]
[SourceVersion "1"]
[SourceVersionDate "2023.10.10"]
[SourceQuality "1"]

1. c4 c6 2. Nc3 Nf6 3. Nf3 d5 4. e3 g6 5. d4 Bg7 6. Be2 0-0 7. cxd5 cxd5 8. 0-0 Nc6 9. Bd2 Bg4 10. Rc1 a6 11. a3 Rc8 12. h3 Bf5 13. Na4 Ne4 14. Nc5 Nxc5 15. Rxc5 e5 16. Qb3 exd4 17. exd4 Nxd4 18. Nxd4 Rxc5 19. Nxf5 gxf5 20. Bb4 Re8 21. Bxc5 Rxe2 22. Qxb7 Rxb2 23. Qxa6 d4 24. Rd1 Rc2 25. Qb6 Qxb6 26. Bxb6 Rc4 27. Kf1 Kf8 28. Ke2 Rc2+ 29. Kf3 Rc3+ 30. Kf4 d3 31. a4 Ke8 32. a5 d2 33. Be3 Bh6+ 34. Kf3 f4 35. Rxd2 fxe3 36. Re2 Kd7 37. fxe3 Ra3 38. g4 Rxa5 39. h4 Ke6 40. Rc2 Kd6 41. Rd2+ Ke7 42. Rd4 Bg7 43. Re4+ Kd7 44. Rc4 Ra3 45. Rb4 Ke7 46. Rb7+ Ke6 47. Rb6+ Kd7 48. Rb7+ Ke8 49. Rb8+ Ke7 50. Rb7+ Kf6 51. Rb6+ Ke5 52. Rb5+ Kd6 53. Rb6+ Kc7 54. Rb5 Bd4 55. Rf5 Rxe3+ 56. Kf4 Re7 57. Rd5 Be3+ 58. Kf3 Kc6 59. Rh5 f6 60. Rf5 Bd4 61. Rf4 Be5 62. Rf5 Kd6 63. h5 Rg7 64. h6 Rg6 65. Ke4 Rxh6 66. Kf3 Rg6 67. Rh5 h6 68. Rh3 Ke6 69. Rh5 Bd6 70. Rf5 Rg5 71. Rxg5 hxg5 72. Ke4 Be5 73. Kf3 f5 74. Kg2 fxg4 75. Kf2 Kf5 76. Kg2 Bg7 77. Kf1 Kf4 78. Kg2 g3 79. Kh3 g4+ 80. Kg2 Bh8 81. Kg1 Kf3 82. Kh1 g2+ 83. Kh2 g3+ 84. Kh3 g1Q 85. Kh4 Qh2+ 86. Kg5 g2 87. Kf5 Bf6 88. Kg6 g1Q+ 89. Kxf6 Qh6+ 90. Ke5 Qe1+ 91. Kf5 Qee6# 0-1

[Event "Titled Tuesday intern op 25th Jul Early"]
[Site "Chess.com INT"]
[Date "2023.07.25"]
[Round "9"]
[White "Zepeda Berlanga, Jan Enrique"]
[Black "Wisniowski, Natalie"]
[Result "1-0"]
[WhiteElo "1783"]
[BlackElo "1897"]
[PlyCount "59"]
[EventDate "2023.07.25"]
[EventType "swiss (blitz)"]
[EventRounds "11"]
[EventCountry "USA"]
[SourceTitle "EXT 2024"]
[Source "ChessBase"]
[SourceDate "2023.10.10"]
[SourceVersion "1"]
[SourceVersionDate "2023.10.10"]
[SourceQuality "1"]

1. c4 Nf6 2. Nf3 g6 3. g3 Bg7 4. Bg2 0-0 5. d4 d5 6. cxd5 Nxd5 7. Nc3 c6 8. e4 Nxc3 9. bxc3 c5 10. 0-0 Bg4 11. Be3 Nc6 12. e5 Qc7 13. h3 Bxf3 14. Bxf3 Rad8 15. Qa4 Nb8 16. Rab1 b6 17. Rfd1 Rfe8 18. Bf4 cxd4 19. e6 Qc8 20. exf7+ Kxf7 21. cxd4 Kf8 22. d5 Nd7 23. d6 exd6 24. Bxd6+ Kg8 25. Bd5+ Kh8 26. Bf7 Rf8 27. Bxf8 Rxf8 28. Qxd7 Qc2 29. Rbc1 Qxa2 30. Bxa2 1-0

[Event "Titled Tuesday intern op 3rd Sept"]
[Site "Chess.com INT"]
[Date "2019.09.03"]
[Round "2"]
[White "Srbis, Jurica"]
[Black "Zepeda Berlanga, Jan Enrique"]
[Result "1-0"]
[WhiteElo "2445"]
[BlackElo "1676"]
[PlyCount "48"]
[EventDate "2019.09.03"]
[EventType "swiss (blitz)"]
[EventRounds "10"]
[EventCountry "USA"]
[SourceTitle "EXT 2021"]
[Source "ChessBase"]
[SourceDate "2020.10.23"]
[SourceVersion "1"]
[SourceVersionDate "2020.10.23"]
[SourceQuality "1"]

1. e4 c5 2. Nf3 d6 3. d4 cxd4 4. Nxd4 Nf6 5. Nc3 Nc6 6. Nde2 e5 7. g3 Be6 8. Bg2 Be7 9. 0-0 0-0 10. h3 Rc8 11. g4 h6 12. Be3 a6 13. a4 Nb4 14. f4 exf4 15. Nxf4 Bc4 16. Rf2 g5 17. Nfd5 Nfxd5 18. exd5 Qa5 19. Qd2 Bd8 20. Re1 Bb6 21. Ne4 Bxe3 22. Nf6+ Kg7 23. Nh5+ Kg8 24. Rxe3 Nxd5 1-0

[Event "Titled Tuesday intern op 3rd Sept"]
[Site "Chess.com INT"]
[Date "2019.09.03"]
[Round "5"]
[White "Zepeda Berlanga, Jan Enrique"]
[Black "Ciorgovean, Iustin"]
[Result "0-1"]
[WhiteElo "1691"]
[BlackElo "2331"]
[PlyCount "64"]
[EventDate "2019.09.03"]
[EventType "swiss (blitz)"]
[EventRounds "10"]
[EventCountry "USA"]
[SourceTitle "EXT 2021"]
[Source "ChessBase"]
[SourceDate "2020.10.23"]
[SourceVersion "1"]
[SourceVersionDate "2020.10.23"]
[SourceQuality "1"]

1. c4 e5 2. Nc3 Nf6 3. Nf3 Nc6 4. g3 d5 5. cxd5 Nxd5 6. Bg2 Nb6 7. 0-0 Be7 8. d3 0-0 9. a3 Be6 10. b4 a5 11. b5 Nd4 12. Nxe5 Bf6 13. f4 Nb3 14. Rb1 Qd4+ 15. e3 Qxc3 16. Bb2 Qc5 17. Bd4 Nxd4 18. exd4 Qxd4+ 19. Kh1 Bd5 20. Nf3 Qc5 21. d4 Qd6 22. Ne5 Bxg2+ 23. Kxg2 Rad8 24. Qb3 Qxd4 25. Rbd1 Qe4+ 26. Kg1 Rxd1 27. Rxd1 Bxe5 28. fxe5 Qxe5 29. Rf1 h6 30. a4 Qc5+ 31. Kh1 Qd5+ 32. Kg1 Qxb3 0-1

[Event "Titled Tuesday intern op 3rd Sept"]
[Site "Chess.com INT"]
[Date "2019.09.03"]
[Round "4"]
[White "Zepeda Berlanga, Jan Enrique"]
[Black "Lu, Andrew H"]
[Result "1-0"]
[WhiteElo "1691"]
[BlackElo "2071"]
[PlyCount "61"]
[EventDate "2019.09.03"]
[EventType "swiss (blitz)"]
[EventRounds "10"]
[EventCountry "USA"]
[SourceTitle "EXT 2021"]
[Source "ChessBase"]
[SourceDate "2020.10.23"]
[SourceVersion "1"]
[SourceVersionDate "2020.10.23"]
[SourceQuality "1"]

1. c4 e5 2. Nc3 Nc6 3. Nf3 f5 4. g3 Nf6 5. d3 Bb4 6. Bg2 0-0 7. 0-0 Bxc3 8. bxc3 d6 9. d4 Qe8 10. e3 f4 11. Re1 e4 12. exf4 Bg4 13. h3 Bh5 14. g4 Bf7 15. Nd2 Na5 16. Nxe4 Nxe4 17. Bxe4 Qd7 18. Bf5 Qc6 19. Qd3 g6 20. Be4 Qxc4 21. Qxc4 Bxc4 22. f5 Rae8 23. Bh6 Rf6 24. g5 Rxe4 25. Rxe4 Rxf5 26. Re8+ Kf7 27. Rf8+ Ke6 28. Re1+ Kd7 29. Rxf5 gxf5 30. h4 Bxa2 31. Ra1 1-0

[Event "Titled Tuesday intern op 3rd Sept"]
[Site "Chess.com INT"]
[Date "2019.09.03"]
[Round "10"]
[White "Zepeda Berlanga, Jan Enrique"]
[Black "Sanchez Alarcon, Juan"]
[Result "0-1"]
[WhiteElo "1686"]
[BlackElo "2181"]
[PlyCount "98"]
[EventDate "2019.09.03"]
[EventType "swiss (blitz)"]
[EventRounds "10"]
[EventCountry "USA"]
[SourceTitle "EXT 2021"]
[Source "ChessBase"]
[SourceDate "2020.10.23"]
[SourceVersion "1"]
[SourceVersionDate "2020.10.23"]
[SourceQuality "1"]

1. c4 Nf6 2. Nc3 g6 3. Nf3 Bg7 4. g3 d6 5. Bg2 0-0 6. 0-0 Nbd7 7. d4 e5 8. b3 a5 9. Bb2 c6 10. dxe5 dxe5 11. Ng5 Re8 12. Nge4 Nxe4 13. Nxe4 Qe7 14. Qc1 Nf8 15. Ba3 Qe6 16. Rd1 h6 17. Qc2 f5 18. Nc5 Qf7 19. Rd6 Ne6 20. Nxe6 Bxe6 21. Rad1 e4 22. e3 a4 23. Bb2 axb3 24. axb3 Ra2 25. Rb1 Qc7 26. Rdd1 Rd8 27. Rxd8+ Qxd8 28. Qc1 Qd3 29. Bxg7 Kxg7 30. Bf1 Qc2 31. Qxc2 Rxc2 32. h4 Kf6 33. Bg2 Ke5 34. Kf1 Kd6 35. f3 exf3 36. Bxf3 Kc5 37. Bd1 Rd2 38. b4+ Kd6 39. c5+ Ke5 40. Bb3 Bxb3 41. Rxb3 Ke4 42. Rc3 Rd3 43. Rxd3 Kxd3 44. Kf2 Kc4 45. g4 fxg4 46. Kg3 h5 47. Kf4 Kxb4 48. e4 Kxc5 49. e5 Kd5 0-1